000 00312nam a22001457a 4500
008 221117b ||||| |||| 00| 0 eng d
020 _a9780005262375
041 _aeng
080 _a51
082 _a51LAM
100 _a20.1
101 _aMATE
245 _aCOLLEGE MATHEMATICS
_cLAMBERT J
942 _2udc
_cBK
999 _c58923
_d58923